|
|
|
|
| LEADER |
00000nas a22000007a 4500 |
| 001 |
ssj0010432 |
| 003 |
WaSeSS |
| 005 |
20200512172242.0 |
| 006 |
m d |
| 007 |
cr n |
| 008 |
970908c19uu9999nyuwn pss 0 a0eng c |
| 010 |
|
|
|a 2012203395
|
| 022 |
|
|
|a 2169-3188
|y 1049-0434
|
| 035 |
|
|
|a (WaSeSS)ssj0010432
|
| 040 |
|
|
|a DLM
|b eng
|c DLM
|d OCL
|d OCLCQ
|d DLC
|d OCLCF
|d OCLCO
|d VT2
|d OCLCQ
|d OCL
|d WaSeSS
|
| 042 |
|
|
|a pcc
|a nsdp
|
| 043 |
|
|
|a n-us---
|
| 050 |
|
4 |
|a PN1
|b .E61
|
| 082 |
0 |
0 |
|a 791.4/05
|2 20
|
| 130 |
0 |
|
|a Entertainment weekly (Online)
|
| 222 |
|
0 |
|a Entertainment weekly
|b (Online)
|
| 245 |
1 |
0 |
|a Entertainment weekly
|h [electronic resource].
|
| 246 |
3 |
0 |
|a Entertainment online
|
| 260 |
|
|
|a [New York, N.Y.] :
|b Entertainment weekly, Inc.
|
| 506 |
|
|
|a License restrictions may limit access.
|
| 538 |
|
|
|a Mode of access: World Wide Web.
|
| 588 |
|
|
|a Description based on: No. 394 (Aug. 29, 1997).
|
| 588 |
|
|
|a Latest issue consulted: No. 1221 (Aug. 24, 2012) (Ebscohost site, viewed Aug. 17, 2012).
|
| 648 |
|
7 |
|a 1900-1999
|2 fast
|
| 650 |
|
0 |
|a Motion pictures
|v Periodicals.
|
| 650 |
|
0 |
|a Television programs
|z United States
|v Periodicals.
|
| 650 |
|
0 |
|a Sound recordings
|v Periodicals.
|
| 650 |
|
0 |
|a Video recordings
|v Periodicals.
|
| 650 |
|
0 |
|a Literature, Modern
|y 20th century
|x History and criticism
|v Periodicals.
|
| 650 |
|
0 |
|a Popular culture
|z United States
|v Periodicals.
|
| 650 |
|
7 |
|a Literature, Modern.
|2 fast
|0 (OCoLC)fst01000172
|
| 650 |
|
7 |
|a Motion pictures.
|2 fast
|0 (OCoLC)fst01027285
|
| 650 |
|
7 |
|a Popular culture.
|2 fast
|0 (OCoLC)fst01071344
|
| 650 |
|
7 |
|a Sound recordings.
|2 fast
|0 (OCoLC)fst01127034
|
| 650 |
|
7 |
|a Television programs.
|2 fast
|0 (OCoLC)fst01147026
|
| 650 |
|
7 |
|a Video recordings.
|2 fast
|0 (OCoLC)fst01166472
|
| 651 |
|
7 |
|a United States.
|2 fast
|0 (OCoLC)fst01204155
|
| 655 |
|
0 |
|a Electronic journals.
|
| 776 |
1 |
|
|t Entertainment weekly
|x 1049-0434
|w (DLC) 90650035
|w (OCoLC)21114137
|
| 856 |
4 |
0 |
|z Full text available from Research Library: 02/12/2010 to 12/05/2014
|u https://search.proquest.com/publication/15355
|